000
00272nam a22001097a 4500
082
_a
539.7 MEY'A
100
_a
MEYER, L
_9
74989
245
_a
ATOMIC ENERGY IN INDUSTRY A GUIDE FOR TRADESMAN AND TECHNICIENS
260
_a
LONDON
_b
ATS
_c
1963
300
_a
128P
942
_c
BK
999
_c
580488
_d
580488